000 00915nam a2200205Ia 4500
003 Ost
005 20260507075636.0
008 260507s9999||||xx |||||||||||||| ||und||
040 _cfsecg
041 _aara
082 _a346.02
100 _aسلطان، أنور
_eمؤلف
245 0 _aالموجز في النظرية العامة للإلتزام :
_bمصادر الإلتزام /
_c أنور سلطان
260 _aالإسكندرية:
_bدار المطبوعات الجامعية,
_c1998
300 _a513 صفحة؛
_bإيضاحات ؛
_c25 سم
520 _aالتعريف بالإلتزام ومصادره- المصادر الإرادية- العقد- الإرادة المنفردة- المصادر غير الإرادية- العمل غير المشروع- الإثراء بلا سبب- القانون
653 _aالعقود
653 _aالقانون الإداري
942 _cكتاب
999 _c45308
_d45308